000 00628nam a2200133Ia 4500
008 100328s9999 xx 000 0 und d
082 _b59225
100 _aचव्हाण नितीन.
245 _aआगे आगे देखो होता है क्या (संमिश्र एकांकिका).
260 _bआभा.
630 _aआगे आगे देखो होता है क्या (संमिश्र एकांकिका).
730 _aआगे आगे देखो होता है क्या (संमिश्र एकांकिका).
942 _cBOOK
999 _c545474
_d545471